000
00210 a2200097 4500
001
46635
100
_a
Khalid, Abdul Aziz
245
_a
Hadiath Khawab
260
_a
Rawalpindi
_b
Maora
_c
090
_c
29736
_d
29736
942
_a
NUST-CAE
_c
M
_c
21931
999
_c
281708
_d
281708